Feeding and the Texture of Food /

Contenido de las ponencias: 1. Características mecánicas y de fractura de materiales celulares y fibrosos por G. Jeronimides. 2. Textura de plantas y de frutas por J.F.V. Vincent. 3. Medida de la textura y estructura de la carne por P.P. Purslow. 4. Transformación de los alimentos por la masticación...

תיאור מלא

שמור ב:
מידע ביבליוגרפי
מחבר תאגידי: Society for Experimental Biology Meeting ( Edimburgo, Escocia)
מחברים אחרים: Vincent, J.F.V. (edición) (edición), Lillford, Peter J. (edición) (edición)
פורמט: Procedimiento de la conferencia ספר
שפה:אנגלית
יצא לאור: Cambridge, Inglaterra : Cambridge University, 2003, c1991
סדרה:(Society for Experimental Biology. Seminar Series ; 44)
נושאים:
תגים: הוספת תג
אין תגיות, היה/י הראשונ/ה לתייג את הרשומה!

MARC

LEADER 00000nam^a2200000^a^4500
001 000184853
005 20250521000000.0
009 20260310102130.358
020 |a 0-521-37521-5 
037 |a Acervo ITESO - Biblioteca 
041 |a ING 
082 |a 612. 311  |b SOC 1989 
111 |a Society for Experimental Biology Meeting (  |d 1989 :  |c Edimburgo, Escocia) 
245 1 0 |a Feeding and the Texture of Food /  |c Ed. de J.F.V. Vincent, P.J. Lillford. 
264 4 |a Cambridge, Inglaterra :  |b Cambridge University,  |c 2003, c1991 
300 |a XIII, 247 p. 
336 |a texto  |b txt  |2 rdacontenido 
337 |a sin mediación  |b n  |2 rdamedio 
338 |a volumen  |b nc  |2 rdasoporte 
440 1 |a (Society for Experimental Biology.  |p Seminar Series ;  |v 44) 
520 |a Contenido de las ponencias: 1. Características mecánicas y de fractura de materiales celulares y fibrosos por G. Jeronimides. 2. Textura de plantas y de frutas por J.F.V. Vincent. 3. Medida de la textura y estructura de la carne por P.P. Purslow. 4. Transformación de los alimentos por la masticación en los ciprínidos (peces) por F.A. Sibbing. 5. Aspectos cuantitativos de la relación entre la dentición y las dietas por P.W. Lucas y R.T. Corlett. 6. El control de movimientos y las fuerzas durante la masticación por E. Otten. 7. La mecánica básica de la masticación: el éxito de la adaptación del hombre por M.R. Heath. 8. Integración de la textura y la fisiología: técnicas por D. Kilcast y A. Eves. 9. Texturas frágiles en los alimentos procesados por A.C. Smith. 10. Texturas suaves en los alimentos por G. Rodger. 11. Textura y aceptabilidad de los alimentos por P.J. Lillford. 
649 |a XX 
650 |a Masticación -  |x Congresos 
650 |a Dentición 
650 |a Carne -  |x Textura -  |x Congresos 
650 |a Hábitos Alimenticios 
650 |a Alimentos y Bebidas -  |x Textura -  |x Congresos 
650 |a Tecnología de Alimentos 
650 |a Biomecánica 
650 |a Fisiología 
700 |a Vincent, J.F.V.  |e (edición) 
700 |a Lillford, Peter J.  |e (edición) 
910 |a Fondo General 
920 |a Impresos - Libros 
930 |a Colección General 
905 |a 101 
901 |a 0500126109  |b IT1  |c ACC  |u 20250521 
902 |a https://opac.biblio.iteso.mx/vufind/Record/000184853